INDIA'S FOREIGN POLICY : (Record no. 173724)

MARC details
000 -LEADER
fixed length control field 00665nam a22001937a 4500
005 - DATE AND TIME OF LATEST TRANSACTION
control field 20200305164313.0
010 ## - LCCN (DPL NO)
LC control number ENG-128004
020 ## - INTERNATIONAL STANDARD BOOK NUMBER
International Standard Book Number 9789353286422
Terms of availability 895.00
035 ## - SYSTEM CONTROL NUMBER
System control number EN-111536
037 ## - SOURCE OF ACQUISITION
Source of stock number/acquisition DBAD/PUB
082 ## - DEWEY DECIMAL CLASSIFICATION NUMBER
Classification number 327.54
100 ## - MAIN ENTRY--PERSONAL NAME
Personal name Tripathi,Sudhanshu
245 ## - TITLE STATEMENT
Title INDIA'S FOREIGN POLICY :
Statement of responsibility, etc by Sudhanshu Tripathi
Remainder of title dilemma over non-alignment 2.0 Author/
260 ## - PUBLICATION, DISTRIBUTION, ETC. (IMPRINT)
Place of publication, distribution, etc New Delhi
Name of publisher, distributor, etc Sage Publication India
Date of publication, distribution, etc 2020
270 ## - ADDRESS
Address B1/1-1 Mohan Cooperative Industrial Area Mathura Road
City New Delhi
Postal code 110044
300 ## - PHYSICAL DESCRIPTION
Extent xii;203p.
Dimensions 22cm(hb)
500 ## - GENERAL NOTE
General note includes bibliographical references and index
942 ## - ADDED ENTRY ELEMENTS (KOHA)
Source of classification or shelving scheme Dewey Decimal Classification
Item type English Books
Classification part 327.54
Call number suffix TRI
Holdings
Withdrawn status Lost status Not for loan Collection code Home library Current library Date acquired Source of acquisition Cost, normal purchase price Full call number Barcode Copy number Cost, replacement price Koha item type
      Non-fiction Central Library Central Library 05/03/2020 DBAD/PUB 895.00 327.54 TRI EN-111536 1 895.00 English Books

© Delhi Public Library
Hit Counter
free hit counter